[Event "Hamburg - Forchheim"]
[Site "BL 0203"]
[Date "2002.10.20"]
[Round "2.5"]
[White "Bartsch, Berthold"]
[Black "Hansen, Sune Berg"]
[Result "0-1"]
[WhiteElo "2320"]
[BlackElo "2555"]
[PlyCount "68"]
[EventDate "2002.??.??"]

1. e4 c5 2. Nc3 Nc6 3. g3 g6 4. Bg2 Bg7 5. d3 d6 6. f4 Nf6 7. Nf3 O-O 8. O-O
Rb8 9. h3 b5 10. Qe1 b4 11. Nd1 a5 12. g4 Nd4 13. Qf2 Nxf3+ 14. Bxf3 Ne8 15.
Ne3 Nc7 16. h4 Nb5 17. h5 a4 18. hxg6 fxg6 19. f5 e6 20. fxg6 hxg6 21. Rb1 Rb7
22. g5 Nd4 23. Qg2 Nxf3+ 24. Rxf3 Bd4 25. Kf2 c4 26. Rxf8+ Qxf8+ 27. Ke2 b3 28.
axb3 axb3 29. dxc4 bxc2 30. Nxc2 Be5 31. b3 Rh7 32. Kd1 Rh2 33. Qg4 Qf1+ 34.
Ne1 Bc3 0-1

[Event "Hamburg - Forchheim"]
[Site "BL 0203"]
[Date "2002.10.20"]
[Round "2.6"]
[White "Wahls, Matthias"]
[Black "Zwanzger, Johannes"]
[Result "1-0"]
[WhiteElo "2539"]
[BlackElo "2268"]
[PlyCount "105"]
[EventDate "2002.??.??"]

1. c4 Nf6 2. Nc3 e5 3. Nf3 Nc6 4. a3 g6 5. g3 Bg7 6. Bg2 O-O 7. O-O d6 8. d3 h6
9. Rb1 Be6 10. b4 Qd7 11. b5 Ne7 12. e4 c6 13. bxc6 bxc6 14. Qa4 Rfb8 15. Be3
Ne8 16. Nd2 c5 17. Qxd7 Bxd7 18. Rfc1 Nc6 19. Nd5 Rxb1 20. Rxb1 Rb8 21. Rb5 Kf8
22. Bf3 Be6 23. Bd1 Rxb5 24. cxb5 Bxd5 25. exd5 Nd4 26. Bxd4 cxd4 27. Nc4 Ke7
28. a4 f5 29. a5 Nc7 30. b6 axb6 31. axb6 Na6 32. Na5 Kd7 33. Ba4+ Kc8 34. Be8
g5 35. Bg6 f4 36. Kg2 Nc5 37. Kf3 Kb8 38. Kg4 fxg3 39. fxg3 Nd7 40. Kf5 Nxb6
41. Ke6 Kc7 42. Bf5 h5 43. Nb3 e4 44. Bxe4 Be5 45. Nd2 h4 46. Nf3 Nd7 47. g4
Bf4 48. Kf5 h3 49. Nxd4 Bxh2 50. Ne6+ Kb6 51. Nxg5 Kc5 52. Nxh3 Nb6 53. Nf4 1-0

[Event "Hamburg - Forchheim"]
[Site "BL 0203"]
[Date "2002.10.20"]
[Round "2.7"]
[White "Niedermaier, Hans"]
[Black "Mueller, Karsten"]
[Result "0-1"]
[WhiteElo "2271"]
[BlackElo "2518"]
[PlyCount "80"]
[EventDate "2002.??.??"]

1. e4 d5 2. exd5 Qxd5 3. Nc3 Qa5 4. d4 Nf6 5. Nf3 c6 6. Bd2 Bf5 7. Ne4 Qc7 8.
Nxf6+ gxf6 9. g3 Nd7 10. Bg2 O-O-O 11. O-O e6 12. c4 Bg4 13. Be3 Nb6 14. Qb3 c5
15. Rfd1 Bd6 16. a4 Nd7 17. a5 e5 18. dxc5 Nxc5 19. Bxc5 Bxc5 20. Qc2 Rxd1+ 21.
Rxd1 Rd8 22. Rb1 Qd7 23. Nh4 Qd3 24. Qxd3 Rxd3 25. b4 Bxb4 26. Bxb7+ Kxb7 27.
Rxb4+ Ka6 28. Kg2 Rc3 29. Rb8 Rxc4 30. Rh8 Kxa5 31. Rxh7 Be6 32. Rh6 Rc6 33. h3
Kb4 34. Kh2 a5 35. Rxf6 a4 36. Nf3 Bd5 37. Rf5 f6 38. Nd4 Rc1 39. f3 a3 40.
Rxf6 exd4 0-1

[Event "Hamburg - Forchheim"]
[Site "BL 0203"]
[Date "2002.10.20"]
[Round "2.8"]
[White "Bezold, Michael"]
[Black "Doeres, Hans-Juergen"]
[Result "1/2-1/2"]
[WhiteElo "2468"]
[BlackElo "2271"]
[PlyCount "79"]
[EventDate "2002.??.??"]

1. g3 d5 2. Bg2 Nf6 3. d3 e6 4. Nf3 Be7 5. b3 c5 6. e3 Nc6 7. Bb2 O-O 8. O-O
Qc7 9. c4 Rd8 10. Qe2 b6 11. Nc3 Bb7 12. Nb5 Qb8 13. Rac1 a6 14. Nc3 b5 15.
cxd5 exd5 16. Nb1 Qa7 17. Nh4 Ne8 18. a3 Bf6 19. Bxf6 Nxf6 20. Qc2 c4 21. dxc4
dxc4 22. bxc4 Ne5 23. cxb5 Bxg2 24. Kxg2 Qb7+ 25. Kg1 axb5 26. Qf5 Nc4 27. Rcd1
Ne4 28. Qf3 g6 29. Nc3 f5 30. Nxe4 Qxe4 31. Rxd8+ Rxd8 32. Rd1 Rd2 33. Rxd2
Nxd2 34. Qe2 Qb1+ 35. Kg2 Nc4 36. a4 Qe4+ 37. f3 Qxe3 38. Qd1 Qe5 39. Qd8+ Kg7
40. Qd7+ 1/2-1/2

[Event "Kreuzberg - Plauen"]
[Site "BL 0203"]
[Date "2002.10.20"]
[Round "2.2"]
[White "Socko, Bartosz"]
[Black "Markowski, Tomasz"]
[Result "0-1"]
[WhiteElo "2569"]
[BlackElo "2549"]
[PlyCount "116"]
[EventDate "2002.??.??"]

1. e4 c5 2. Nf3 e6 3. d4 cxd4 4. Nxd4 a6 5. Nc3 b5 6. Bd3 d6 7. Qe2 Nf6 8. a3
Bb7 9. g4 h6 10. Rg1 Nbd7 11. h4 e5 12. Nb3 g6 13. g5 Nh5 14. Nd5 Bxd5 15. exd5
hxg5 16. hxg5 Bg7 17. Bd2 O-O 18. O-O-O Nf4 19. Qe4 Nxd3+ 20. Qxd3 Re8 21. Rg4
Rc8 22. Rh1 Nf8 23. Rgh4 Qd7 24. Bc3 Qf5 25. Qg3 Rxc3 26. bxc3 e4 27. Kb1 Qxd5
28. Qh3 Qe5 29. Nd4 d5 30. Ka2 f5 31. gxf6 Qxf6 32. Rh2 a5 33. Nxb5 Qc6 34. Nd4
Bxd4 35. cxd4 Qxc2+ 36. Ka1 Qc1+ 37. Ka2 Qd2+ 38. Ka1 Qd1+ 39. Ka2 Qd2+ 40. Ka1
Qxd4+ 41. Ka2 Rb8 42. Rh8+ Kf7 43. Rxf8+ Rxf8 44. Qd7+ Kf6 45. f4 exf3 46. Qd6+
Kg7 47. Qe7+ Rf7 48. Qd8 Qc4+ 49. Ka1 Qc1+ 50. Ka2 Rc7 51. Qh8+ Kf7 52. Rh7+
Ke6 53. Qg8+ Ke5 54. Qb8 Qc2+ 55. Ka1 f2 56. Rf7 Qc1+ 57. Ka2 Qc4+ 58. Kb2 Qe2+
0-1

[Event "Kreuzberg - Plauen"]
[Site "BL 0203"]
[Date "2002.10.20"]
[Round "2.3"]
[White "Kindermann, Stefan"]
[Black "Tischbierek, Raj"]
[Result "0-1"]
[WhiteElo "2519"]
[BlackElo "2523"]
[PlyCount "52"]
[EventDate "2002.??.??"]

1. e4 c5 2. Nf3 d6 3. Bb5+ Nd7 4. d4 Ngf6 5. Nc3 cxd4 6. Qxd4 g6 7. Bg5 Bg7 8.
O-O-O O-O 9. e5 dxe5 10. Nxe5 Qa5 11. Nc4 Qc7 12. Rhe1 Qxh2 13. Rxe7 Nh5 14.
Qh4 Qxh4 15. Bxh4 Nc5 16. Nd5 Bh6+ 17. Nce3 Bg4 18. Rd4 Be6 19. Rc7 b6 20. Bc6
Bxd5 21. Bxd5 Ne6 22. Bxe6 fxe6 23. Kd1 Bf4 24. Rb7 g5 25. Rdd7 Rad8 26. g4 Nf6
0-1

[Event "Kreuzberg - Plauen"]
[Site "BL 0203"]
[Date "2002.10.20"]
[Round "2.4"]
[White "Lau, Ralf"]
[Black "Gdanski, Jacek"]
[Result "1-0"]
[WhiteElo "2491"]
[BlackElo "2506"]
[PlyCount "105"]
[EventDate "2002.??.??"]

1. d4 Nf6 2. Nf3 c5 3. d5 g6 4. Nc3 Bg7 5. e4 d6 6. Bb5+ Bd7 7. a4 O-O 8. O-O
Na6 9. Re1 Bxb5 10. Nxb5 Nc7 11. c4 Nd7 12. Qc2 a6 13. Nxc7 Qxc7 14. a5 Rfb8
15. Ra3 b5 16. axb6 Qxb6 17. Ree3 Ne5 18. Nxe5 Bxe5 19. Reb3 Qc7 20. Rxb8+ Qxb8
21. g3 h5 22. h3 Qb4 23. Rb3 Qe1+ 24. Kg2 Bd4 25. Be3 Bf6 26. Bd2 Qa1 27. Bc3
Bxc3 28. Qxc3 Qb1 29. Qe3 a5 30. Rb7 a4 31. Rxe7 Qxb2 32. Qf4 Qg7 33. Qxd6 a3
34. Ra7 Rxa7 35. Qb8+ Kh7 36. Qxa7 Qc3 37. e5 Kh6 38. d6 Qxe5 39. Qe7 Qd4 40.
d7 a2 41. d8=Q Qxd8 42. Qxd8 a1=Q 43. Qf8+ Qg7 44. Qxc5 h4 45. Qe7 g5 46. Qd6+
Kh7 47. g4 Qc3 48. Qd5 f6 49. c5 Kg7 50. c6 Qc2 51. Qe6 Qb2 52. Qd7+ Kh6 53.
Qb7 1-0

[Event "Kreuzberg - Plauen"]
[Site "BL 0203"]
[Date "2002.10.20"]
[Round "2.5"]
[White "Espig, Lutz"]
[Black "Maiwald, Jens-Uwe"]
[Result "0-1"]
[WhiteElo "2425"]
[BlackElo "2516"]
[PlyCount "76"]
[EventDate "2002.??.??"]

1. d4 g6 2. e4 Bg7 3. Nc3 d6 4. g3 Nf6 5. Bg2 O-O 6. Nge2 e5 7. h3 c6 8. Be3 b5
9. dxe5 dxe5 10. Bc5 Qxd1+ 11. Rxd1 Re8 12. Be3 Nfd7 13. Nc1 Bf8 14. Nd3 Na6
15. h4 Nb4 16. Kd2 Nxd3 17. cxd3 Nc5 18. Ne2 Rd8 19. Kc2 Na6 20. d4 Bg4 21. f3
Be6 22. b3 Nb4+ 23. Kb1 a5 24. dxe5 a4 25. Rxd8 Rxd8 26. Nd4 axb3 27. axb3 Bxb3
28. Bf1 Ba4 29. Be2 c5 30. Nxb5 Rb8 31. Nd6 Nd5+ 32. Kc1 Nxe3 33. Kd2 Ng2 34.
Ra1 Rb2+ 35. Kc3 Rc2+ 36. Kd3 Bb3 37. Bd1 c4+ 38. Kd4 Rd2+ 0-1

[Event "Kreuzberg - Plauen"]
[Site "BL 0203"]
[Date "2002.10.20"]
[Round "2.6"]
[White "Kalinitschew, Sergey"]
[Black "Brendel, Oliver"]
[Result "1/2-1/2"]
[WhiteElo "2485"]
[BlackElo "2378"]
[PlyCount "87"]
[EventDate "2002.??.??"]

1. d4 Nf6 2. Nf3 g6 3. c4 Bg7 4. Nc3 d5 5. e3 O-O 6. b4 b6 7. Bb2 c5 8. dxc5
bxc5 9. Nxd5 cxb4 10. Nxf6+ Bxf6 11. Bxf6 exf6 12. Be2 Qb6 13. O-O Rd8 14. Qb3
Nc6 15. a3 Rb8 16. axb4 Qxb4 17. Qxb4 Rxb4 18. c5 a5 19. Rfc1 Rb2 20. Bf1 Kg7
21. h3 Be6 22. Nd4 Nxd4 23. exd4 Rxd4 24. Rxa5 Rdd2 25. f3 Rbc2 26. Rxc2 Rxc2
27. Bd3 Rc3 28. Be4 Kf8 29. Ra8+ Ke7 30. Ra7+ Kd8 31. Ra5 f5 32. Bc6 Rc2 33. h4
h6 34. f4 Rc4 35. g3 Rc2 36. Bf3 Rc3 37. Kf2 Rc2+ 38. Ke3 Rc3+ 39. Ke2 Bc4+ 40.
Kf2 Rc2+ 41. Ke3 Rc3+ 42. Kf2 Rc2+ 43. Ke3 Rc3+ 44. Kf2 1/2-1/2

[Event "Kreuzberg - Plauen"]
[Site "BL 0203"]
[Date "2002.10.20"]
[Round "2.7"]
[White "Dirr, Ulrich"]
[Black "Volke, Karsten"]
[Result "1/2-1/2"]
[WhiteElo "2322"]
[BlackElo "2457"]
[PlyCount "133"]
[EventDate "2002.??.??"]

1. e4 Nf6 2. e5 Nd5 3. d4 d6 4. Nf3 dxe5 5. Nxe5 c6 6. Bc4 e6 7. O-O Nd7 8. Qe2
Bd6 9. Bb3 O-O 10. c4 Ne7 11. Nc3 Nf5 12. Nf3 Nf6 13. Bg5 h6 14. Bxf6 Qxf6 15.
Ne4 Qd8 16. Nxd6 Qxd6 17. Rad1 Bd7 18. Rfe1 Rad8 19. Qe4 Qb4 20. c5 Bc8 21. g4
Ne7 22. Rd3 b6 23. a3 Qb5 24. Bc2 f5 25. gxf5 Nxf5 26. Rb3 Qa5 27. Rc3 Rf6 28.
b4 Qa6 29. Bd3 Qb7 30. Bc4 Kh8 31. Rd3 a5 32. bxa5 bxa5 33. Rb3 Qc7 34. Rb6 Qf7
35. Rb8 Rf8 36. Ne5 Qh5 37. Be2 Qg5+ 38. Kh1 Qd2 39. Rd1 Qa2 40. Rd3 Qa1+ 41.
Rd1 Qa2 42. Re1 Ne7 43. Bd3 Rf5 44. f3 Qxa3 45. Qe2 Rf4 46. Be4 Qc3 47. Qe3
Qxe3 48. Rxe3 Ba6 49. Rxf8+ Rxf8 50. Ra3 Bb5 51. Rxa5 Kg8 52. Ra7 Nd5 53. h4
Rd8 54. Bg6 Nf4 55. h5 Ne2 56. Bf7+ Kh7 57. Bg6+ Kg8 58. Nf7 Rb8 59. Rd7 Bc4
60. Ne5 Bd5 61. Kg2 Nxd4 62. Be4 Rc8 63. Ng6 Ra8 64. Ne7+ Kf8 65. Ng6+ Kg8 66.
Ne7+ Kf8 67. Ng6+ 1/2-1/2

[Event "Kreuzberg - Plauen"]
[Site "BL 0203"]
[Date "2002.10.20"]
[Round "2.8"]
[White "Muse, Drazen"]
[Black "Sandner, Gunter"]
[Result "1-0"]
[WhiteElo "2442"]
[BlackElo "2323"]
[PlyCount "73"]
[EventDate "2002.??.??"]

1. Nf3 e6 2. c4 Nf6 3. Nc3 c5 4. g3 b6 5. Bg2 Bb7 6. O-O Be7 7. b3 O-O 8. Bb2
d5 9. e3 Nc6 10. cxd5 Nxd5 11. Nxd5 exd5 12. d4 Ba6 13. Re1 Nb4 14. Ne5 f6 15.
a3 fxe5 16. axb4 Bb7 17. dxe5 cxb4 18. Qd4 Kh8 19. Red1 Bc5 20. Qg4 a5 21. e6
Rg8 22. Qf5 Qe7 23. Bxd5 Bxd5 24. Rxd5 Rae8 25. Re5 Rgf8 26. Qe4 Qf6 27. Rf1
Qg6 28. f4 Bd6 29. f5 Qf6 30. Rf4 Kg8 31. Bd4 Bxe5 32. Bxe5 Qd8 33. Bd4 Qc7 34.
Rg4 Re7 35. f6 Qc1+ 36. Kg2 Rc7 37. f7+ 1-0

[Event "Neukoelln - Erfurt"]
[Site "BL 0203"]
[Date "2002.10.20"]
[Round "2.1"]
[White "Luther, Thomas"]
[Black "Rogozenko, Dorian"]
[Result "1/2-1/2"]
[WhiteElo "2538"]
[BlackElo "2520"]
[PlyCount "35"]
[EventDate "2002.??.??"]

1. e4 c5 2. Nf3 Nc6 3. d4 cxd4 4. Nxd4 Nf6 5. Nc3 e5 6. Ndb5 d6 7. Bg5 a6 8.
Na3 b5 9. Bxf6 gxf6 10. Nab1 Bg7 11. Qh5 f5 12. Nd2 Ne7 13. O-O-O Qb6 14. Bc4
O-O 15. Nd5 Qd8 16. Nxe7+ Qxe7 17. Bd5 Ra7 18. Kb1 1/2-1/2

[Event "Neukoelln - Erfurt"]
[Site "BL 0203"]
[Date "2002.10.20"]
[Round "2.2"]
[White "Slobodjan, Roman"]
[Black "Haba, Petr"]
[Result "1/2-1/2"]
[WhiteElo "2521"]
[BlackElo "2534"]
[PlyCount "31"]
[EventDate "2002.??.??"]

1. e4 e5 2. Nf3 Nf6 3. Nxe5 d6 4. Nf3 Nxe4 5. c4 Nc6 6. d3 Nf6 7. d4 Be7 8. Nc3
O-O 9. Be2 d5 10. cxd5 Nxd5 11. O-O Bf5 12. a3 h6 13. Qb3 Nxc3 14. bxc3 Na5 15.
Qb5 c5 16. Be3 1/2-1/2

[Event "Neukoelln - Erfurt"]
[Site "BL 0203"]
[Date "2002.10.20"]
[Round "2.3"]
[White "Votava, Jan"]
[Black "Stohl, Igor Dr"]
[Result "1/2-1/2"]
[WhiteElo "2518"]
[BlackElo "2547"]
[PlyCount "25"]
[EventDate "2002.??.??"]

1. d4 d5 2. c4 e6 3. Nc3 Nf6 4. Nf3 dxc4 5. e3 a6 6. Bxc4 c5 7. O-O b5 8. Be2
Bb7 9. dxc5 Bxc5 10. Qxd8+ Kxd8 11. Bd2 Ke7 12. Rac1 Nbd7 13. Rfd1 1/2-1/2

[Event "Neukoelln - Erfurt"]
[Site "BL 0203"]
[Date "2002.10.20"]
[Round "2.4"]
[White "Brynell, Stellan"]
[Black "Casper, Thomas"]
[Result "1/2-1/2"]
[WhiteElo "2524"]
[BlackElo "2391"]
[PlyCount "87"]
[EventDate "2002.??.??"]

1. e4 e6 2. d4 d5 3. Nd2 c5 4. exd5 exd5 5. Ngf3 Nc6 6. Bb5 Bd6 7. dxc5 Bxc5 8.
O-O Nge7 9. Nb3 Bb6 10. Re1 O-O 11. Be3 Bf5 12. c3 Be4 13. Bd3 Bxe3 14. Rxe3
Nf5 15. Re1 Re8 16. Qc2 Nd6 17. Nbd2 Qb6 18. Ng5 f5 19. Rad1 Ne5 20. Ndxe4 dxe4
21. Bf1 Rad8 22. Rd4 Ndf7 23. Nxf7 Nxf7 24. Red1 Rxd4 25. Rxd4 Ne5 26. h3 h6
27. Qd2 Qg6 28. Kh1 Qg5 29. Qd1 Kh7 30. Rd5 Qf4 31. Qd4 Re6 32. Qe3 Qxe3 33.
fxe3 Kg6 34. Kg1 Kf6 35. Rb5 Re7 36. Ra5 b6 37. Rd5 Rd7 38. Rd4 Ke7 39. Kf2 g5
40. Be2 Ke6 41. Ba6 Rxd4 42. exd4 Ng6 43. g3 f4 44. Bb7 1/2-1/2

[Event "Neukoelln - Erfurt"]
[Site "BL 0203"]
[Date "2002.10.20"]
[Round "2.5"]
[White "Paehtz, Thomas"]
[Black "Polzin, Rainer"]
[Result "0-1"]
[WhiteElo "2459"]
[BlackElo "2462"]
[PlyCount "100"]
[EventDate "2002.??.??"]

1. e4 g6 2. d4 Bg7 3. Nf3 d6 4. Nc3 a6 5. Be3 Nd7 6. a4 b6 7. Bc4 e6 8. Qd2 Bb7
9. O-O h6 10. Ne1 Ngf6 11. f3 d5 12. exd5 exd5 13. Ba2 c6 14. Nd3 Kf8 15. Rfe1
Kg8 16. Bf2 Kh7 17. Re2 Re8 18. Rae1 Rxe2 19. Nxe2 a5 20. Nef4 Qf8 21. Ne5 Re8
22. c3 Kg8 23. Bb1 Qd6 24. Nfd3 Nf8 25. Re2 N6d7 26. Bg3 Nxe5 27. Nxe5 Qd8 28.
h4 h5 29. Bd3 Re6 30. c4 Qe7 31. cxd5 cxd5 32. Kf1 Bf6 33. f4 Bxh4 34. f5 gxf5
35. Bxh4 Qxh4 36. Rf2 Ng6 37. Qe3 Nxe5 38. dxe5 d4 39. Qf4 Qxf4 40. Rxf4 Rxe5
41. Rxd4 Kg7 42. Be2 Be4 43. Rd7 Bxg2+ 44. Kf2 Bc6 45. Rc7 Bxa4 46. Bxh5 Rb5
47. Rxf7+ Kh6 48. Bf3 Rxb2+ 49. Kg3 Kg5 50. Rg7+ Kf6 0-1

[Event "Neukoelln - Erfurt"]
[Site "BL 0203"]
[Date "2002.10.20"]
[Round "2.6"]
[White "Borriss, Martin Dr"]
[Black "Mueller, Matthias"]
[Result "1-0"]
[WhiteElo "2442"]
[BlackElo "2403"]
[PlyCount "127"]
[EventDate "2002.??.??"]

1. e4 e5 2. Nf3 Nc6 3. Bb5 a6 4. Ba4 Nf6 5. O-O b5 6. Bb3 Bc5 7. c3 d6 8. d4
Bb6 9. a4 Rb8 10. axb5 axb5 11. Na3 O-O 12. Nxb5 Bg4 13. Re1 Bxf3 14. gxf3 Nh5
15. Kh1 exd4 16. Nxd4 Nxd4 17. cxd4 Qf6 18. Ra4 Qh4 19. Be3 Kh8 20. Rg1 Rbe8
21. Bg5 Qh3 22. Rg4 Nf6 23. Rf4 Ng8 24. Bxf7 Ra8 25. Rxa8 Rxa8 26. Bd5 Rb8 27.
Rg4 Rf8 28. Rg3 Qd7 29. Bxg8 Rxg8 30. Be3 Qb5 31. b3 Ra8 32. Kg2 Ra3 33. f4
Qxb3 34. Qg4 Qg8 35. f5 Ra8 36. Qh4 Rf8 37. d5 Bxe3 38. Rxe3 Qf7 39. Rh3 h6 40.
Rg3 Qe8 41. Rg6 Qe5 42. Re6 Qc3 43. f6 Kh7 44. Qg3 Qxg3+ 45. hxg3 gxf6 46. Re7+
Kg6 47. Rxc7 f5 48. Re7 fxe4 49. Rxe4 Rf6 50. Re7 h5 51. f4 h4 52. Re6 hxg3 53.
Kxg3 Kf5 54. Rxf6+ Kxf6 55. Kg4 Kg6 56. f5+ Kh6 57. Kh4 Kh7 58. Kg5 Kg7 59. f6+
Kf8 60. Kf4 Kg8 61. Kg4 Kf8 62. Kg5 Kg8 63. Kg6 Kh8 64. Kf7 1-0

[Event "Neukoelln - Erfurt"]
[Site "BL 0203"]
[Date "2002.10.20"]
[Round "2.7"]
[White "Enders, Peter"]
[Black "Poldauf, Dirk"]
[Result "0-1"]
[WhiteElo "2524"]
[BlackElo "2410"]
[PlyCount "70"]
[EventDate "2002.??.??"]

1. d4 Nf6 2. c4 g6 3. Nc3 Bg7 4. e4 d6 5. Nf3 O-O 6. Be2 e5 7. O-O Na6 8. d5
Nc5 9. Qc2 a5 10. Bg5 h6 11. Bh4 g5 12. Bg3 Nh5 13. Nd2 Nf4 14. Nb3 f5 15. Nxc5
dxc5 16. Bxf4 exf4 17. exf5 Bxf5 18. Bd3 Bd7 19. Rae1 f3 20. Be4 fxg2 21. Bxg2
Ra6 22. Qd2 a4 23. Nb5 Raf6 24. Qc2 Rf4 25. Qxa4 Bxb2 26. Re4 Rxe4 27. Bxe4 Qf6
28. Bg2 Be5 29. Qb3 g4 30. Qe3 Bf4 31. Qxc5 Qh4 32. Re1 Bxh2+ 33. Kf1 g3 34. f3
Bh3 35. Re3 Bxg2+ 0-1

[Event "Neukoelln - Erfurt"]
[Site "BL 0203"]
[Date "2002.10.20"]
[Round "2.8"]
[White "Thiede, Lars"]
[Black "Paehtz, Elisabeth"]
[Result "1-0"]
[WhiteElo "2416"]
[BlackElo "2349"]
[PlyCount "83"]
[EventDate "2002.??.??"]

1. g3 g6 2. c4 Bg7 3. Bg2 e5 4. Nc3 d6 5. Nf3 Nf6 6. O-O O-O 7. d3 Nc6 8. Rb1
a5 9. a3 Bf5 10. b4 axb4 11. axb4 Qd7 12. b5 Nd8 13. Bb2 Bh3 14. Ra1 Rb8 15. c5
Bxg2 16. Kxg2 Ne6 17. cxd6 cxd6 18. Ba3 Nh5 19. Qb3 h6 20. Rac1 Rbd8 21. Nd5
Kh8 22. b6 Rc8 23. Rc7 Nxc7 24. bxc7 Rxc7 25. Nxc7 Qxc7 26. Rc1 Qd7 27. Qb6 Ra8
28. Qxd6 Qf5 29. Bb2 Re8 30. Rc5 Qg4 31. Bxe5 f6 32. h3 Qe6 33. Qxe6 Rxe6 34.
Bb8 Re8 35. Bd6 Re6 36. Rc8+ Kh7 37. Bb8 f5 38. e3 b5 39. Rc7 Rb6 40. Ba7 Ra6
41. Bd4 Nf6 42. Rb7 1-0

[Event "Kreuzberg - Solingen"]
[Site "BL 0203"]
[Date "2002.11.16"]
[Round "3.2"]
[White "Nisipeanu, Liviu-Dieter"]
[Black "Kasimdzhanov, Rustam"]
[Result "1-0"]
[WhiteElo "2613"]
[BlackElo "2653"]
[PlyCount "103"]
[EventDate "2002.??.??"]

1. e4 c5 2. Nf3 Nc6 3. Bb5 g6 4. Bxc6 dxc6 5. d3 Bg7 6. h3 Nf6 7. Nc3 O-O 8.
Be3 b6 9. Qd2 e5 10. Bh6 Qd6 11. O-O-O a5 12. Bxg7 Kxg7 13. Nh2 a4 14. Ne2 c4
15. Ng4 h5 16. Qh6+ Kg8 17. dxc4 Qe7 18. Nxf6+ Qxf6 19. Ng3 Qe7 20. Rhg1 Qh4
21. Nf5 Qf4+ 22. Qxf4 exf4 23. Ne7+ Kg7 24. Nxc6 f3 25. gxf3 Bxh3 26. Ne7 Rh8
27. Rd6 Rae8 28. Nd5 h4 29. Kd2 Be6 30. Nc7 Re7 31. Nxe6+ fxe6 32. Ke3 Rc8 33.
b3 b5 34. cxb5 Rc3+ 35. Kd4 Rxc2 36. bxa4 Rxf2 37. Ke5 Kf7 38. f4 h3 39. Rh1 h2
40. Rd3 Rxa2 41. Rh3 Rxa4 42. R1xh2 Rb4 43. Rh7+ Ke8 44. Rxe7+ Kxe7 45. Rh7+
Kd8 46. Rb7 Kc8 47. Rb6 Kc7 48. Rxe6 Rxb5+ 49. Kf6 Kd7 50. Re7+ Kd6 51. e5+ Kd5
52. Kxg6 1-0

[Event "Kreuzberg - Solingen"]
[Site "BL 0203"]
[Date "2002.11.16"]
[Round "3.4"]
[White "Lau, Ralf"]
[Black "Sadler, Matthew"]
[Result "1-0"]
[WhiteElo "2491"]
[BlackElo "2624"]
[PlyCount "175"]
[EventDate "2002.??.??"]

1. e4 c5 2. Nc3 d6 3. f4 g6 4. Nf3 Bg7 5. Bc4 Nc6 6. O-O Nf6 7. d3 O-O 8. Qe1
e6 9. Kh1 d5 10. Bb3 Na5 11. Bd2 b6 12. e5 Ne8 13. Nd1 Nxb3 14. axb3 d4 15. b4
Bb7 16. bxc5 bxc5 17. b3 f6 18. exf6 Rxf6 19. Qe2 Nd6 20. Nf2 Kh8 21. Ng4 Rf8
22. Ng5 Bd5 23. Rae1 Nf5 24. Ne5 Kg8 25. Qg4 Qe7 26. Qh3 Bh8 27. Re2 a5 28. Nc4
Ra6 29. Rfe1 Bf6 30. Ne4 Bg7 31. Ng5 Bf6 32. Nf3 Bg7 33. Nb2 Qc7 34. Na4 Rc6
35. Kg1 Bh8 36. Ng5 Qe7 37. Rf1 Bf6 38. Nf3 Bg7 39. Ne5 Ra6 40. g4 Ne3 41. Bxe3
dxe3 42. Qxe3 Rc8 43. g5 Qf8 44. h3 Rc7 45. Kh2 Bb7 46. Nc3 Rc8 47. Rff2 Qe7
48. h4 Qc7 49. Qg3 Rf8 50. Re1 Ba8 51. Qe3 Bb7 52. Na4 Rc8 53. Kg3 Rd6 54. Rh2
Rd4 55. Nc3 Qe7 56. Nb5 Rb4 57. Nc3 Rf8 58. Rf2 Qc7 59. Na2 Rd4 60. Nc1 Rf5 61.
Ng4 e5 62. Ne2 e4 63. Qc1 Rd8 64. dxe4 Bxe4 65. Nc3 Bc6 66. Ne4 Kh8 67. Nef6 h5
68. Ne3 Rxf6 69. gxf6 Bxf6 70. Nc4 Qc8 71. f5 g5 72. Ne5 Qc7 73. Rfe2 Rd5 74.
hxg5 Rxe5 75. Qf4 Qg7 76. g6 Rxe2 77. Rxe2 Qd7 78. Qh6+ Kg8 79. Qh7+ Qxh7 80.
gxh7+ Kxh7 81. Re6 h4+ 82. Kh3 Bd7 83. Rxf6 Kg7 84. Rg6+ Kf7 85. Kg4 a4 86.
bxa4 Bxa4 87. c3 Bc2 88. Rh6 1-0

[Event "Kreuzberg - Solingen"]
[Site "BL 0203"]
[Date "2002.11.16"]
[Round "3.6"]
[White "Kalinitschew, Sergey"]
[Black "Naumann, Alexander"]
[Result "1/2-1/2"]
[WhiteElo "2485"]
[BlackElo "2513"]
[PlyCount "94"]
[EventDate "2002.??.??"]

1. d4 Nf6 2. Nf3 g6 3. c4 Bg7 4. g3 O-O 5. Bg2 d6 6. O-O Nc6 7. Nc3 a6 8. d5
Na5 9. Nd2 c5 10. Rb1 Rb8 11. b3 b5 12. Bb2 Bf5 13. e4 Bd7 14. Ba1 e5 15. Qe2
h5 16. cxb5 axb5 17. b4 cxb4 18. Rxb4 Bh6 19. Rfb1 Qb6 20. a4 Ng4 21. Nf1 f5
22. h3 Nf6 23. exf5 Bxf5 24. Rxb5 Qc7 25. Rxb8 Rxb8 26. Rxb8+ Qxb8 27. Nb5 Nb3
28. Bc3 Nc5 29. Qc4 Bd3 30. Qb4 Bf8 31. Nd2 Nxa4 32. Nxd6 Qxb4 33. Bxb4 Nb6 34.
Ba5 Nbxd5 35. N6e4 Nxe4 36. Nxe4 Bb4 37. Bd8 Kg7 38. h4 Bxe4 39. Bxe4 Be7 40.
Ba5 Bb4 41. Bd8 Be7 42. Ba5 Bb4 43. Bxb4 Nxb4 44. Kf1 Na6 45. Ke2 Nc5 46. Ke3
Kf6 47. Bc2 g5 1/2-1/2

[Event "Kreuzberg - Solingen"]
[Site "BL 0203"]
[Date "2002.11.16"]
[Round "3.7"]
[White "Hoffmann, Michael"]
[Black "Muse, Drazen"]
[Result "1-0"]
[WhiteElo "2438"]
[BlackElo "2442"]
[PlyCount "75"]
[EventDate "2002.??.??"]

1. d4 d5 2. c4 c6 3. Nf3 Nf6 4. Nc3 a6 5. e3 b5 6. b3 Bg4 7. Be2 e6 8. O-O Nbd7
9. Bb2 Qb8 10. Ne5 Nxe5 11. dxe5 Bxe2 12. Nxe2 Nd7 13. cxd5 cxd5 14. e4 dxe4
15. Qd4 Qb7 16. Rac1 Rd8 17. Qe3 Bc5 18. Rxc5 Nxc5 19. Qxc5 Rd2 20. Ng3 Rxb2
21. Rd1 f5 22. exf6 gxf6 23. Qc3 Rxf2 24. Kxf2 O-O 25. Rd6 f5 26. Qe5 Qa7+ 27.
Kf1 Qe3 28. Nh5 Qc1+ 29. Kf2 Qh6 30. Qxe6+ Qxe6 31. Rxe6 Rc8 32. Rxa6 Rc2+ 33.
Kg3 Rc3+ 34. Kf4 Rc2 35. Kxf5 e3 36. Nf4 e2 37. Re6 Rxa2 38. Rxe2 1-0

[Event "Kreuzberg - Solingen"]
[Site "BL 0203"]
[Date "2002.11.16"]
[Round "3.8"]
[White "Loeffler, Stefan"]
[Black "Schaefer, Markus"]
[Result "1-0"]
[WhiteElo "2398"]
[BlackElo "2385"]
[PlyCount "109"]
[EventDate "2002.??.??"]

1. Nf3 Nf6 2. c4 g6 3. Nc3 Bg7 4. e4 d6 5. d4 O-O 6. Be2 Na6 7. O-O e5 8. Bg5
h6 9. Bh4 Qe8 10. Bxf6 Bxf6 11. c5 Bg7 12. Bxa6 bxa6 13. dxe5 dxe5 14. Nd5 Qd8
15. Qa4 Rb8 16. b3 f5 17. Rad1 fxe4 18. Qxe4 Bf5 19. Qc4 Be6 20. Nxe5 Bxe5 21.
Qe4 Rf5 22. Ne3 Qf6 23. Ng4 Qg5 24. Rfe1 Rf4 25. Nxh6+ Qxh6 26. Qxe5 Bg4 27. f3
Bxf3 28. gxf3 Rbf8 29. Rd3 c6 30. Kg2 R4f5 31. Qe6+ Kg7 32. Re4 R5f6 33. Qe5
Kg8 34. Rg4 Qc1 35. Qe4 Kg7 36. Rd7+ R8f7 37. Rxf7+ Kxf7 38. Qc4+ Qxc4 39. Rxc4
Rf5 40. Ra4 Rxc5 41. Rxa6 Rc2+ 42. Kg3 c5 43. Rxa7+ Kf6 44. Ra6+ Kg7 45. Ra4
Kf6 46. h4 Kf5 47. Rc4 Rxa2 48. Rxc5+ Kf6 49. h5 Rb2 50. Rc6+ Kf5 51. hxg6 Rxb3
52. g7 Rb8 53. Kh4 Rg8 54. Rc5+ Kf6 55. Rg5 1-0

[Event "Neukoelln - Wattenscheid"]
[Site "BL 0203"]
[Date "2002.11.16"]
[Round "3.2"]
[White "Slobodjan, Roman"]
[Black "Rustemov, Alexander"]
[Result "1-0"]
[WhiteElo "2521"]
[BlackElo "2597"]
[PlyCount "77"]
[EventDate "2002.??.??"]

1. e4 c6 2. c4 d5 3. exd5 cxd5 4. cxd5 Qxd5 5. Nc3 Qa5 6. d4 e6 7. Nf3 Nf6 8.
Bd3 Be7 9. O-O Nc6 10. a3 O-O 11. Qc2 Bd7 12. Qb3 Qc7 13. Re1 Rfd8 14. h3 Be8
15. Be3 Rac8 16. Rac1 Qb8 17. Bb1 Na5 18. Qc2 g6 19. Qe2 Nc4 20. Bg5 Nb6 21.
Ba2 Qd6 22. Qe5 Kg7 23. Qa5 Bc6 24. Ne5 Nbd5 25. Nxc6 bxc6 26. Qxa7 Nxc3 27.
Rxc3 Nd5 28. Bxd5 Bxg5 29. Rxe6 Qb8 30. Rxg6+ hxg6 31. Qxf7+ Kh6 32. Be4 Rd6
33. h4 Bf4 34. g4 Rc7 35. g5+ Kh5 36. Rh3 Bxg5 37. Bxg6+ Kh6 38. hxg5+ Kxg5 39.
Qf5# 1-0

[Event "Neukoelln - Wattenscheid"]
[Site "BL 0203"]
[Date "2002.11.16"]
[Round "3.3"]
[White "De Vreugt, Dennis"]
[Black "Stohl, Igor Dr"]
[Result "1/2-1/2"]
[WhiteElo "2501"]
[BlackElo "2547"]
[PlyCount "25"]
[EventDate "2002.??.??"]

1. e4 c6 2. d4 d5 3. exd5 cxd5 4. c4 Nf6 5. Nc3 Nc6 6. Bg5 dxc4 7. Nf3 h6 8.
Bxf6 exf6 9. Bxc4 Bd6 10. O-O O-O 11. h3 Bf5 12. Bd3 Bd7 13. Qd2 1/2-1/2